Η βιβλιοθήκη του Ραβέλ : διηγήματα

Αποθηκεύτηκε σε:
Λεπτομέρειες βιβλιογραφικής εγγραφής
Κύριος συγγραφέας: Σταυρίδης, Στέφανος, 1972-
Μορφή: Βιβλίο
Γλώσσα:Greek
Δημοσίευση: Αθήνα : Καστανιώτης, 2008.
Θέματα:
Ετικέτες: Προσθήκη ετικέτας
Δεν υπάρχουν, Καταχωρήστε ετικέτα πρώτοι!

MARC

LEADER 00000cam a2200000 a 4500
001 1/122720
008 210303t2008####gr | ||| |||| ||gre||
020 |a 9789600347777 
040 |a GR-MyUa  |b gre  |c GR-MyUa  |e AACR2 
041 0 |a gre 
082 7 |a 889.3   |2 (23) 
100 1 |a Σταυρίδης, Στέφανος,  |d 1972- 
245 1 2 |a Η βιβλιοθήκη του Ραβέλ :   |b διηγήματα /   |c Στέφανος Σταυρίδης.  
260 |a Αθήνα :   |b Καστανιώτης,   |c 2008.  
300 |a 238 σ. ;   |c 22 εκ.  
500 |a Περιέχει υποσημειώσεις.  
504 |a Περιλαμβάνει βιβλιογραφικές παραπομπές.  
650 0 |a Cyprian literature. 
650 0 |a Greek fiction, Modern  |z Cyprus. 
650 0 |a Cyprian fiction. 
650 0 |a Greek literature, Modern  |z Cyprus. 
852 |a INST  |b RHODES  |e 20210303  |h 889.3 ΣΤΑ  |p 005400041958  |q 005400041958  |t BK  |y 0 
970 |a Μαρία  |b Κωτάκου  |z 3-3-2021